Perceptions of radiographers towards transvaginal ultrasound / (Record no. 172814)

MARC details
000 -LEADER
fixed length control field 01217nam a22002777a 4500
003 - CONTROL NUMBER IDENTIFIER
control field OSt
005 - DATE AND TIME OF LATEST TRANSACTION
control field 20260429160506.0
008 - FIXED-LENGTH DATA ELEMENTS--GENERAL INFORMATION
fixed length control field 260429b |||||||| |||| 00| 0 eng d
040 ## - CATALOGING SOURCE
Original cataloging agency NUST
Language of cataloging eng
Transcribing agency NUST
Modifying agency NUST
Description conventions rda
050 ## - LIBRARY OF CONGRESS CALL NUMBER
Classification number RC78.7.T73 MAF
100 ## - MAIN ENTRY--PERSONAL NAME
Personal name Mafundu, Panashe Vincent
Relator term author
245 ## - TITLE STATEMENT
Title Perceptions of radiographers towards transvaginal ultrasound /
Statement of responsibility Panashe Vincent Mafundu.
260 ## - PUBLICATION, DISTRIBUTION, ETC.
Place of publication, distribution, etc. Bulawayo, Zimbabwe :
Name of publisher, distributor, etc. National University of Science and Technology,
Date of publication, distribution, etc. ©2021.
300 ## - PHYSICAL DESCRIPTION
Extent x, 39 pages :
Other physical details illustrations ;
Dimensions 30 cm.
336 ## - CONTENT TYPE
Source rdacontent
Content type term text
Content type code txt
337 ## - MEDIA TYPE
Source rdamedia
Media type term unmediated
Media type code n
338 ## - CARRIER TYPE
Source rdacarrier
Carrier type term volume
Carrier type code nc
500 ## -
Typescript Dissertation submitted in partial fulfilment of the requirements for the Bachelor of Science Honours Degree in Radiography.
501 ## - STUDY LEVEL
-- Dissertation (BSc in Radiography) National University of Science and Technology, 2021.
504 ## - BIBLIOGRAPHY, ETC. NOTE
Bibliography, etc. note Includes bibliographical references.
650 ## - SUBJECT ADDED ENTRY--TOPICAL TERM
Topical term or geographic name entry element Radiographers
General subdivision Attitudes
650 ## - SUBJECT ADDED ENTRY--TOPICAL TERM
Topical term or geographic name entry element Diagnostic imaging
General subdivision Professional practice.
650 ## - SUBJECT ADDED ENTRY--TOPICAL TERM
Topical term or geographic name entry element Obstetric ultrasonography
General subdivision Social aspects.
700 ## - ADDED ENTRY--PERSONAL NAME
Personal name Rakata B. T.
Relator term supervisor
942 ## - ADDED ENTRY ELEMENTS (KOHA)
Source of classification or shelving scheme Library of Congress Classification
Koha item type Reference Material
Classification part RC78.7.T73 MAF
Call number prefix RC
Call number suffix MAF
Suppress in OPAC No
999 ## -
-- 172814
-- 172814
Holdings
Withdrawn status Lost status Source of classification or shelving scheme Damaged status Not for loan Collection Home library Current library Shelving location Date acquired Total Checkouts Full call number Barcode Date last seen Accession number Price effective from Koha item type
    LCC     NFIC Medical Medical REFERENCE 04/29/2026   RC78.7.T73 MAF 92004056003 04/29/2026 SC24/1290 04/29/2026 BOOKS